Aktívny prístup k plneniu úloh Zasadal Ústredný výbor Strany slovenskej obrody

Bibliographic Details
Main Author: (ba) (Author)
Format: Article
Language:Slovak
Subjects:

MARC

LEADER 00000nab a2200000 a 4500
001 vtls000095357
003 SK-MaSNL
005 20260303021706.0
008 111104c1981 xo 0 slo
015 |a SNBRB19rr/mm-uuuuu 
035 |a CL0105460 
040 |a SNKBUCL  |b slo  |c SNKBUCL  |e AACR2 
041 0 |a slo 
044 |a xo  |c SK 
080 |a 329.71  |2 1981 
100 1 |a (ba)  |4 aut  |9 922393 
245 1 0 |a Aktívny prístup k plneniu úloh  |b Zasadal Ústredný výbor Strany slovenskej obrody  |c (ba) 
650 0 7 |a Strana slovenskej obrody ÚV  |2 snkbucl  |9 1002889 
651 7 |a 5100  |2 snkbucl  |9 166206 
655 7 |a články z novín a časopisov  |2 snkbucl  |9 267496 
773 0 |t Ľud  |g Roč. 34, č. 228 (26. 9. 1981), s. 1-2 
850 |a Slovenská národná knižnica v Martine  |a MTA001 
852 |a SNK  |b KIS3GCP 
958 |a RK 
992 |a RBX 
999 |c 1624708  |d 1626638